书目信息

书名: 人工智能时代无人机通信先进技术及其实现研究 
作者: 申时凯, 佘玉梅,
出版信息: 长春   吉林大学出版社  2022.5
开本页数: 24cm  175页
丛书名:
单 册:
中图分类: V
科图分类:
主题词: 无人驾驶飞机--wu ren jia shi fei ji--无线电通信--研究
电子资源:
ISBN: 978-7-5692-9397-5
000 01393nam0 2200265 450
001 012022000282
005 20221101111126.9
010    @a978-7-5692-9397-5@dCNY59.00
100    @a20220530d2022 em y0chiy50 ea
101 @achi
102    @aCN@b220000
105    @aak a 000yy
106    @ar
200 @a人工智能时代无人机通信先进技术及其实现研究@Aren gong zhi neng shi dai wu ren ji tong xin xian jin ji shu ji qi shi xian yan jiu@f申时凯, 佘玉梅著
210    @a长春@c吉林大学出版社@d2022.5
215    @a175页@c图@d24cm
314    @a申时凯, 男, 1964年7月出生, 汉族, 昆明学院教授, 毕业于云南师范大学数学系数学专业。佘玉梅, 女, 1965年出生, 中共党员, 教授, 硕士生导师, 云南民族大学教学名师。
320    @a有书目 (第170-175页)
330    @a本书属于无人机方面的著作。由人工智能进阶史、无人机基本知识及通信基础、无人机工作原理及其操作系统、无线电技术的应用、无人机通信链路系统、无人机通信分类、无人机动力和电气设备等几部分组成。全书以人工智能时代的无人机通信技术为研究对象, 通过分析无人机的功能与优势、工作原理、无线电波的传播方式、无线电信号的调制与传输、无人机通信的传输方式等, 对人工智能时代无人机的未来进行探索研究。
606 @a无人驾驶飞机@Awu ren jia shi fei ji@x无线电通信@x研究
690    @aV@v5
701  0 @a申时凯,@Ashen shi kai@f1964-@4著
701  0 @a佘玉梅,@Ashe yu mei@f1965-@4著
801  0 @aCN@bCDNYKJZYXY@c20221101
905    @aCDNYKJZYXY@b300672443-5@dV@e49@f3
    
    人工智能时代无人机通信先进技术及其实现研究/申时凯, 佘玉梅著.-长春:吉林大学出版社,2022.5
    175页:图;24cm
    
    
    ISBN 978-7-5692-9397-5:CNY59.00
    本书属于无人机方面的著作。由人工智能进阶史、无人机基本知识及通信基础、无人机工作原理及其操作系统、无线电技术的应用、无人机通信链路系统、无人机通信分类、无人机动力和电气设备等几部分组成。全书以人工智能时代的无人机通信技术为研究对象, 通过分析无人机的功能与优势、工作原理、无线电波的传播方式、无线电信号的调制与传输、无人机通信的传输方式等, 对人工智能时代无人机的未来进行探索研究。
相关链接 在五车中查询图书 在当当中查询图书 在豆瓣中查询图书


正题名:人工智能时代无人机通信先进技术及其实现研究     索取号:V/49         预约/预借

序号 登录号 条形码 馆藏地/架位号 状态 备注
1 672443   300672443   海科-1楼/7架10列4层/ [索取号:V/49] 在馆    
2 672444   300672444   海科-1楼/7架10列4层/ [索取号:V/49] 在馆    
3 672445   300672445   海科-1楼/7架10列4层/ [索取号:V/49] 在馆